All Pokémon used by important Kalos trainers - Statistics

General Stats
  • This quiz has been taken 53 times
    22 since last reset
  • The average score is 206 of 361
Answer Stats
Trainer Games Pokémon % Correct
Calem/Serena XY (Conditionally) Delphox
94%
Shauna XY (Conditionally) Delphox
94%
Ramos XY Gogoat
94%
Andi Legends: Z-A Gogoat
94%
Korrina XY Lucario
94%
Korrina XY Lucario
94%
Emma Legends: Z-A Lucario
94%
AZ Legends: Z-A (gift) Lucario
94%
Korrina XY Machamp
94%
Josée Legends: Z-A Machamp
94%
Ivor Legends: Z-A Machamp
94%
Korrina XY (Gift) (Mega) Lucario
94%
Korrina XY Mega Lucario
94%
Viola XY Vivillon (Meadow Pattern)
94%
Yvon Legends: Z-A Vivillon (Meadow Pattern)
94%
Grant XY Amaura
88%
Grant XY Aurorus
88%
Diantha XY Aurorus
88%
Trevor XY Aurorus
88%
Jacinthe Legends: Z-A Aurorus
88%
Calem/Serena XY (Conditionally) Chesnaught
88%
Shauna XY (Conditionally) Chesnaught
88%
Calem/Serena XY (Conditionally) Greninja
88%
Shauna XY (Conditionally) Greninja
88%
Grant XY Tyrantrum
88%
Diantha XY Tyrantrum
88%
Trevor XY Tyrantrum
88%
Lebanne Legends: Z-A Tyrantrum
88%
Grant XY Tyrunt
88%
Wikstrom XY Aegislash
81%
Naveen Legends: Z-A Aegislash
81%
Wulfric XY Avalugg
81%
Urbain/Taunie Legends: Z-A Avalugg
81%
Augustine Sycamore XY Charizard
81%
Shauna XY (Conditionally) Chespin
81%
Shauna XY (Traded to the player, conditionally) Chespin
81%
Tierno XY (Possible gift) Chespin
81%
Dexio SM, USUM Espeon
81%
Rintaro Legends: Z-A Espeon
81%
Shauna XY (Conditionally) Fennekin
81%
Shauna XY (Traded to the player, conditionally) Fennekin
81%
Tierno XY (Possible gift) Fennekin
81%
Calem/Serena XY (Conditionally) Flareon
81%
Shauna XY (Conditionally) Froakie
81%
Shauna XY (Traded to the player, conditionally) Froakie
81%
Tierno XY (Possible gift) Froakie
81%
Calem/Serena XY (Conditionally) Frogadier
81%
Sina SM, USUM Glaceon
81%
Clemont XY Heliolisk
81%
Mani Legends: Z-A Heliolisk
81%
Canari Legends: Z-A Heliolisk
81%
Calem/Serena XY (Conditionally) Jolteon
81%
Mani Legends: Z-A Jolteon
81%
Korrina XY Machoke
81%
Josée Legends: Z-A Machoke
81%
Clemont XY Magneton
81%
Dana XY, ORAS Magneton
81%
Viola XY Masquerain
81%
Grisham Legends: Z-A (Mega) Charizard (X)
81%
Olympia XY Meowstic (Female)
81%
Serena XY Meowstic (Female)
81%
Taunie Legends: Z-A Meowstic (Female)
81%
Calem XY Meowstic (Male)
81%
Urbain Legends: Z-A Meowstic (Male)
81%
Calem/Serena XY (Conditionally) Quilladin
81%
Viola XY Surskit
81%
Valerie XY Sylveon
81%
Shauna XY Sylveon
81%
Jacinthe Legends: Z-A Sylveon
81%
Malva XY Talonflame
81%
Tierno XY Talonflame
81%
Griselle Legends: Z-A Talonflame
81%
Rintaro Legends: Z-A Umbreon
81%
Calem/Serena XY (Conditionally) Vaporeon
81%
Lida Legends: Z-A Vaporeon
81%
Ramos XY Victreebel
81%
Calem/Serena XY Absol
75%
Augustine Sycamore XY Blastoise
75%
Calem/Serena XY (Conditionally) Braixen
75%
Canari Legends: Z-A Dedenne
75%
Calem/Serena XY Fletchling
75%
Diantha XY Goodra
75%
Shauna XY Goodra
75%
Urbain/Taunie Legends: Z-A Goodra
75%
Diantha XY Gourgeist
75%
Gwynn Legends: Z-A Gourgeist
75%
Korrina XY Hawlucha
75%
Diantha XY Hawlucha
75%
Tierno XY Hawlucha
75%
Josée Legends: Z-A Hawlucha
75%
Ivor Legends: Z-A Hawlucha
75%
Wikstrom XY Klefki
75%
Morgan XY, ORAS Klefki
75%
Andi Legends: Z-A Klefki
75%
Philippe Legends: Z-A Klefki
75%
Clemont XY Magnezone
75%
Calem/Serena XY Mega Absol
75%
Griselle Legends: Z-A (Mega) Pyroar
75%
Josée Legends: Z-A Pangoro
75%
Grisham Legends: Z-A Pangoro
75%
Malva XY Pyroar
75%
Lysandre XY, Legends: Z-A Pyroar
75%
Grisham Legends: Z-A Pyroar
75%
Yvon Legends: Z-A Trevenant
75%
Augustine Sycamore XY Venusaur
75%
Ramos XY Weepinbell
75%
Wulfric XY Abomasnow
69%
Sina Sun, US Abomasnow
69%
Emma Legends: Z-A Abomasnow
69%
Dexio SM, USUM Alolan Raichu
69%
Mani Legends: Z-A Alolan Raichu
69%
Tarragon Legends: Z-A Diggersby
69%
Drasna XY Dragalge
69%
Dana XY, ORAS Dragalge
69%
Clemont XY Emolga
69%
Lida Legends: Z-A Emolga
69%
Mani Legends: Z-A Emolga
69%
AZ XY (Unused in battle) Floette (Eternal Flower)
69%
Asami Legends: Z-A Florges (Blue Flower)
69%
Trevor XY Florges (Orange Flower)
69%
Asami Legends: Z-A Florges (Orange Flower)
69%
Lysandre Legends: Z-A Florges (Red Flower)
69%
Asami Legends: Z-A Florges (Red Flower)
69%
Asami Legends: Z-A Florges (White Flower)
69%
Asami Legends: Z-A Florges (Yellow Flower
69%
Lebanne Legends: Z-A Garchomp
69%
Jacinthe Legends: Z-A Gardevoir
69%
Siebold XY Gyarados
69%
Lysandre XY Gyarados
69%
Corbeau Legends: Z-A Gyarados
69%
Ramos XY Jumpluff
69%
Xerosic/Essentia XY Malamar
69%
Grisham Legends: Z-A Malamar
69%
Valerie XY Mawile
69%
Emma/Essentia XY (Xerosic's Pokémon) Mawile
69%
Jacinthe Legends: Z-A Mawile
69%
Lebanne Legends: Z-A (Mega) Dragalge
69%
Urbain/Taunie Legends: Z-A (Mega) Floette (Eternal Flower)
69%
Diantha XY Mega Gardevoir
69%
Lysandre XY, Legends: Z-A Mega Gyarados
69%
Emma Legends: Z-A (Mega) Malamar
69%
Korrina XY Mienfoo
69%
Lysandre XY Mienfoo
69%
Drasna XY Noivern
69%
Lysandre Legends: Z-A Noivern
69%
Lebanne Legends: Z-A Noivern
69%
Andi Legends: Z-A Pancham
69%
Trevor XY Raichu
69%
Mani Legends: Z-A Raichu
69%
Augustine Sycamore XY (Unused in battle) Skiddo
69%
Grisham Legends: Z-A Tyranitar
69%
Lysandre US Xerneas
69%
Lysandre UM Yveltal
69%
Siebold XY Barbaracle
63%
Corbeau Legends: Z-A Barbaracle
63%
Augustine Sycamore XY Bulbasaur
63%
Augustine Sycamore XY (Possible gift) Bulbasaur
63%
Mable Legends: Z-A (possible gift) Bulbasaur
63%
Malva XY Chandelure
63%
Augustine Sycamore XY Charmander
63%
Augustine Sycamore XY (Possible gift) Charmander
63%
Mable Legends: Z-A (possible gift) Charmander
63%
Siebold XY Clawitzer
63%
Lida Legends: Z-A Clawitzer
63%
Calem/Serena XY Espurr
63%
Trevor XY Flabébé (Orange Flower)
63%
Ivor Legends: Z-A Gallade
63%
Mani Legends: Z-A Helioptile
63%
Josée Legends: Z-A Medicham
63%
Ivor Legends: Z-A Medicham
63%
Gwynn Legends: Z-A (Mega) Chandelure
63%
Lida Legends: Z-A (Mega) Starmie
63%
Emma XY (Unused in battle), Legends: Z-A (Unused in battle) Mimi
63%
Valerie XY Mr. Mime
63%
Trevor XY Pikachu
63%
Zach Legends: Z-A Pikachu
63%
Diantha XY (Traded to the player) Ralts
63%
Grisham Legends: Z-A Salamence
63%
Olympia XY Slowking
63%
Dexio SM, USUM Slowking
63%
Xavi Legends: Z-A Slowking
63%
Augustine Sycamore XY Squirtle
63%
Augustine Sycamore XY (Possible gift) Squirtle
63%
Mable Legends: Z-A (possible gift) Squirtle
63%
Siebold XY Starmie
63%
Lida Legends: Z-A Starmie
63%
Dexio SM, USUM Alakazam
56%
Xavi Legends: Z-A Alakazam
56%
Drasna XY Altaria
56%
Calem/Serena XY Altaria
56%
Lebanne Legends: Z-A Altaria
56%
Canari Legends: Z-A Ampharos
56%
Yvon Legends: Z-A Aromatisse
56%
Andi Legends: Z-A Carbink
56%
Jacinthe Legends: Z-A Carbink
56%
Tierno XY Crawdaunt
56%
Wulfric XY Cryogonal
56%
Xavi Legends: Z-A Furfrou
56%
Gwynn Legends: Z-A Gengar
56%
Josée Legends: Z-A Machop
56%
Josée Legends: Z-A Meditite
56%
Emma Legends: Z-A (Mega) Ampharos
56%
Naveen Legends: Z-A (Mega) Scrafty
56%
Lysandre XY Mienshao
56%
Lysandre Legends: Z-A Sableye
56%
Naveen Legends: Z-A Sableye
56%
Wikstrom XY Scizor
56%
Philippe Legends: Z-A Scizor
56%
Naveen Legends: Z-A Scrafty
56%
Josée Legends: Z-A Scrafty
56%
Naveen Legends: Z-A Scraggy
56%
Olympia XY Sigilyph
56%
AZ XY Sigilyph
56%
Yvon Legends: Z-A Slurpuff
56%
Lida Legends: Z-A Staryu
56%
Philippe Legends: Z-A Steelix
56%
Lida Legends: Z-A Vanilluxe
56%
Dexio USUM Zygarde (10% Forme)
56%
Dexio USUM (Gift) Zygarde (10% Forme)
56%
Corbeau Legends: Z-A Arbok
50%
Andi Legends: Z-A Audino
50%
Gwynn Legends: Z-A Banette
50%
Urbain/Taunie Legends: Z-A (Conditionally) Bayleef
50%
Urbain/Taunie Legends: Z-A (possible gift) Chikorita
50%
Urbain/Taunie Legends: Z-A (Conditionally) Chikorita
50%
Lida Legends: Z-A Clauncher
50%
Calem/Serena XY (Rematch only) Clefable
50%
Tierno XY Corphish
50%
Xerosic/Essentia XY Crobat
50%
Urbain/Taunie Legends: Z-A (Conditionally) Croconaw
50%
Drasna XY Druddigon
50%
Aliana XY Druddigon
50%
Urbain/Taunie Legends: Z-A (Conditionally) Emboar
50%
Urbain/Taunie Legends: Z-A (Conditionally) Feraligatr
50%
AZ XY Golurk
50%
Mable XY Houndoom
50%
Vinnie Legends: Z-A Houndoom
50%
Celosia XY Manectric
50%
Canari Legends: Z-A Manectric
50%
Jacinthe Legends: Z-A (Mega) Clefable
50%
Urbain/Taunie Legends: Z-A (Conditionally) (Mega) Emboar
50%
Urbain/Taunie Legends: Z-A (Conditionally) (Mega) Feraligatr
50%
Urbain/Taunie Legends: Z-A (Mega) Manectric
50%
Urbain/Taunie Legends: Z-A (Conditionally) (Mega) Meganium
50%
Urbain/Taunie Legends: Z-A (Conditionally) Meganium
50%
Corbeau Legends: Z-A (Mega) Scolipede
50%
Philippe Legends: Z-A (Mega) Skarmory
50%
Dexio SM, USUM Metagross
50%
Griselle Legends: Z-A Metagross
50%
Urbain/Taunie Legends: Z-A (Conditionally) Pignite
50%
Wikstrom XY Probopass
50%
Xavi Legends: Z-A Scolipede
50%
Corbeau Legends: Z-A Scolipede
50%
Yvon Legends: Z-A Swirlix
50%
Urbain/Taunie Legends: Z-A (possible gift) Tepig
50%
Urbain/Taunie Legends: Z-A (Conditionally) Tepig
50%
Malva XY Torkoal
50%
AZ XY Torkoal
50%
Urbain/Taunie Legends: Z-A (possible gift) Totodile
50%
Urbain/Taunie Legends: Z-A (Conditionally) Totodile
50%
Lida Legends: Z-A Vanillish
50%
Lida Legends: Z-A Vanillite
50%
Philippe Legends: Z-A Aggron
44%
Bryony XY Bisharp
44%
Ivor Legends: Z-A Heracross
44%
Naveen Legends: Z-A Krookodile
44%
Tarragon Legends: Z-A Krookodile
44%
Canari Legends: Z-A (Mega) Eelektross
44%
Tarragon Legends: Z-A (Mega) Excadrill
44%
Zach Legends: Z-A Pidgey
44%
Dexio Moon, UM Slowbro
44%
Yvon Legends: Z-A Slowbro
44%
Dexio Sun Slowpoke
44%
Zach Legends: Z-A Slowpoke
44%
Yvon Legends: Z-A Spritzee
44%
Nita XY, ORAS Wigglytuff
44%
Trevor XY Aerodactyl
38%
Griselle Legends: Z-A Aerodactyl
38%
Dexio Moon, UM Alolan Ninetales
38%
Griselle Legends: Z-A Camerupt
38%
Gwynn Legends: Z-A Froslass
38%
Vinnie Legends: Z-A Glalie
38%
Tarragon Legends: Z-A Hippowdon
38%
Lysandre XY Honchkrow
38%
Emma Legends: Z-A Lopunny
38%
Vinnie Legends: Z-A Lopunny
38%
Emma Legends: Z-A Mareep
38%
Dexio Moon, UM Ninetales
38%
Vinnie Legends: Z-A Sharpedo
38%
Tarragon Legends: Z-A Stunfisk
38%
Canari Legends: Z-A Stunfisk
38%
Sina Sun, US Drampa
31%
Emma/Essentia XY (Xerosic's Pokémon) Granbull
31%
Dana XY, ORAS Magcargo
31%
Vinnie Legends: Z-A (Mega) Drampa
31%
Ivor Legends: Z-A (Mega) Falinks
31%
Aliana XY Mightyena
31%
Dexio US Mime Jr.
31%
Lysandre XY Murkrow
31%
Rintaro Legends: Z-A Simipour
31%
Rintaro Legends: Z-A Simisage
31%
Rintaro Legends: Z-A Simisear
31%
Sina Sun, US Alolan Sandslash
25%
Naveen Legends: Z-A Ariados
25%
Dana XY, ORAS Articuno
25%
Celosia XY Drapion
25%
Evelyn XY, ORAS Entei
25%
Xavi Legends: Z-A Kadabra
25%
Morgan XY, ORAS Latias
25%
Evelyn XY, ORAS Latios
25%
Dana XY, ORAS Moltres
25%
Dana XY, ORAS Piloswine
25%
Evelyn XY, ORAS Raikou
25%
Dana XY, ORAS Regice
25%
Dana XY, ORAS Regirock
25%
Dana XY, ORAS Registeel
25%
Tierno XY Roserade
25%
Xavi Legends: Z-A Roserade
25%
Corbeau Legends: Z-A Roserade
25%
Sina Sun, US Sandslash
25%
Sina UM Smoochum
25%
Evelyn XY, ORAS Suicune
25%
Morgan XY, ORAS Swalot
25%
Mable XY Weavile
25%
Dexio Moon, UM Whimsicott
25%
Emma/Essentia XY (Xerosic's Pokémon) Whimsicott
25%
Dana XY, ORAS Whimsicott
25%
Dana XY, ORAS Zapdos
25%
Vinnie Legends: Z-A Buneary
19%
Morgan XY, ORAS Cobalion
19%
Shauna XY Delcatty
19%
Lysandre Legends: Z-A Garbodor
19%
Corbeau Legends: Z-A Garbodor
19%
Nita XY, ORAS Landorus
19%
Bryony XY Liepard
19%
Morgan XY, ORAS Mantine
19%
Evelyn XY, ORAS Pachirisu
19%
Emma/Essentia XY (Xerosic's Pokémon) Persian
19%
Evelyn XY, ORAS Persian
19%
Naveen Legends: Z-A Spinarak
19%
Morgan XY, ORAS Terrakion
19%
Nita XY, ORAS Thundurus
19%
Nita XY, ORAS Tornadus
19%
Morgan XY, ORAS Virizion
19%
Emma/Essentia XY (Xerosic's Pokémon) Volcarona
19%
Dexio Moon, UM Braviary
13%
Sina Moon Delibird
13%
Nita XY, ORAS Grumpig
13%
Sina Sun, US Lilligant
13%
Sina Sun, US Mandibuzz
13%
Sina Sun, US Oranguru
13%
Dexio Moon, UM Passimian
13%
Xavi Legends: Z-A Roselia
13%
Dexio Moon, UM Turtonator
13%
Xavi Legends: Z-A Venipede
13%
Dana XY, ORAS Girafarig
6%
Emma/Essentia XY (Xerosic's Pokémon) Jellicent
6%
Evelyn XY, ORAS Lumineon
6%
Nita XY, ORAS Purugly
6%
Morgan XY, ORAS Sawsbuck (Spring)
6%
Evelyn XY, ORAS Primeape
0%
No matching quizzes found
Score Distribution
Percent of People with Each Score
Percentile by Number Answered
Your Score History
You have not taken this quiz since the last reset